000 00354nam a2200157Ia 4500
003 OSt
005 20240326112915.0
008 170524s9999 xx 000 0 und d
020 _a ‎ 8172244304
040 _cIIMTU MEERUT
100 _aPulling Together
245 0 _aTeamwork in Practice
260 _bJaico Pub.
260 _c2004
942 _2ddc
_c02
999 _c6637
_d6637